Whose data is it anyway? (Record no. 121078)

MARC details
000 -LEADER
fixed length control field 00677nam a2200205 4500
001 - CONTROL NUMBER
control field K121078
007 - PHYSICAL DESCRIPTION FIXED FIELD--GENERAL INFORMATION
fixed length control field ta
008 - FIXED-LENGTH DATA ELEMENTS--GENERAL INFORMATION
fixed length control field 190808b2019 ||||| |||| 00| 0 eng d
041 ## - LANGUAGE CODE
Language code of text/sound track or separate title eng
245 ## - TITLE STATEMENT
Title Whose data is it anyway?
260 ## - PUBLICATION INFORMATION
Date 2019
490 ## - SERIES TITLE
Series statement RICS Modus
Volume July/August 2019, 32-34(3)
520 ## - ABSTRACT
Abstract Brings together a panel of experts to whether the construction industry is culturally read to embrace the changes that Big Data and BIM can bring.
650 ## - KEYWORDS
Keywords BIM
650 ## - KEYWORDS
Keywords Big Data
651 ## - SUBJECT ADDED ENTRY--GEOGRAPHIC NAME
Geographic name United Kingdom 1973
690 ## - LOCAL SUBJECT ADDED ENTRY--TOPICAL TERM (OCLC, RLIN)
9 (RLIN) 6274
Topical term or geographic name as entry element PropTech
856 ## - ONLINE RESOURCE
Uniform Resource Identifier https://issuu.com/ricsmodus/docs/modus_julaug19
Link text Available free online via Issuu
942 ## - ADDED ENTRY ELEMENTS (KOHA)
Source of classification or shelving scheme Dewey Decimal Classification
Holdings
Withdrawn status Lost status Damaged status Not for loan Home library Current library Shelving location Date acquired Total Checkouts Date last seen Price effective from Koha item type
        Virtual Virtual Online 08/08/2019   08/08/2019 08/08/2019 News article